| 000 | 00694nam a2200205 a 4500 | ||
|---|---|---|---|
| 001 | 000301509 | ||
| 003 | AM-YeHGA | ||
| 005 | 20250618071936.0 | ||
| 008 | 040120s1972 ai 000 | arm d | ||
| 040 | _aAM-YeHGA | ||
| 041 | 0 | _aarm | |
| 100 | 1 |
_aՓանիկյան, Օնիկ Ստեփանի, _d1905-1975 _92838 |
|
| 245 | 1 | 0 |
_aԱյգերգ : _b[Բանաստեղծություններ] / _cՕ.Ս. Փանիկյան; Խմբ.՝ Ա.Ս. Քիշոյան. |
| 246 | 1 | _aПесня утренней зари | |
| 260 |
_aԵրևան : _bՀայաստան, _c1972. |
||
| 300 |
_a131 էջ ; _c17 սմ. |
||
| 650 | 1 | 4 | _aՀայ պոեզիա |
| 700 | 1 |
_aՔիշոյան, Ա.Ս. _eխմբ. _4edt |
|
| 090 | _c112356 | ||
| 999 |
_c111019 _d111019 |
||